00785nam a22002177a 4500003000400000005001700004008004100021020001800062040003400080082002400114100003800138245006500176250002100241260006000262300007400322490001300396504004200409650004100451650003300492710004200525OSt20220704102116.0180228s2017 pe 000 0 spa  a9786124395079 cBiblioteca Municipal de Cusco a869.56/G874YbG874Y aGuerrero Peirano, Victoriad1971- aY la muerte no tendrá dominio /cVictoria Guerrero Peirano aPrimer edición aLima :bFondo de Cultura Económica del Perú,c2019. a76, [3] páginas. :bil. (algunas col.), facsíms., retr. ;c17 cm. aTezontle aIncluye referencias bibliográficas. aProsas poéticas peruanasySiglo XX aPoesías peruanasySiglo XX aFondo de Cultura Económica (Perú)